000 00831aam a2200277 i 4500
001 358
003 CO-MdBIC
005 20210911110541.0
008 210911t1974 sp ||||| |||| 00| 0 eng d
040 _bspa.
_aCO-MdFUSB
_cCO-MdFUSB
_dCO-MdFUSBC
_erda
041 0 _aspa
082 0 4 _aR 492 M186m
245 1 0 _aMiscelánea de estudios árabes y hebráicos / Darío Cabanelas Rodríguez, David Gonzalo Maeso, Directores
_c/
260 _aGranada : Univ. de Granada
264 1 _aGranada, España :
_bUniversidad de Granada,
_c[1974]
264 4 _c© 1974
300 _a132 Pág.
_c;
336 _2rdacontent
_atexto
_btxt
337 _2rdamedia
_asin mediación
_bn
338 _2rdacarrier
_avolumen
_bnc
653 _aMiscelanea
653 _aEstudios arabes
653 _aHebraicos
942 _cBK
945 _aEstudiante
999 _c31894
_d31894